| 000 | 00819cam a22002533a 4500 | ||
|---|---|---|---|
| 001 | 21379 | ||
| 003 | PGUSA | ||
| 005 | 20140828083445.0 | ||
| 008 | 070508s2007||||xxu|||||s|||||000 1 eng d | ||
| 040 |
_aPGUSA _beng |
||
| 042 | _adc | ||
| 050 | 4 | _aPZ | |
| 100 | 1 |
_aFenn, George Manville, _d1831-1909 |
|
| 245 | 1 | 0 |
_aMarcus : _bthe Young Centurion _h[electronic resource] / _cGeorge Manville Fenn |
| 260 |
_bProject Gutenberg, _c2007 |
||
| 506 | _aPublic domain in the USA. | ||
| 516 | _aElectronic text | ||
| 653 | _aGaul -- History -- Gallic Wars, 58-51 B.C. -- Juvenile fiction | ||
| 653 | _aCaesar, Julius -- Juvenile fiction | ||
| 653 | _aRome -- History -- Republic, 265-30 B.C. -- Juvenile fiction | ||
| 830 | 0 |
_aProject Gutenberg _v21379 |
|
| 856 | 4 | 0 | _uhttp://www.gutenberg.org/ebooks/21379 |
| 942 | _cEB | ||
| 999 |
_c250634 _d250634 |
||